| 000 | 00559nam a2200205Ia 4500 | ||
|---|---|---|---|
| 005 | 20250326145614.0 | ||
| 008 | 250326s9999 xx 000 0 und d | ||
| 037 | _aTextbook | ||
| 040 |
_aFMSL _beng _cFMSL |
||
| 041 |
_aeng _2eng |
||
| 084 |
_aX9(D43) Q6 _qFMSL |
||
| 100 |
_aBitzan J D _9751472 |
||
| 245 | 0 |
_aAirline efficiency _cBitzan J D And Others |
|
| 260 |
_aUnited Kingdom _bUnited Kingdom, Emerald _c2016 |
||
| 300 | _a375p | ||
| 365 | _b9285.5 | ||
| 650 | _aManagement | ||
| 942 |
_cTB _hX9(D43) Q6 |
||
| 999 |
_c1308154 _d1308154 |
||